Kennzeichen Thüringen - Statistiken

Allgemein
  • Dieses Quiz wurde 31 mal gespielt
  • Das Durchschnittsergebnis liegt bei 12 aus 42
Antwortstatistiken
Kennzeichen Stadt/Landkreis % Korrekt
J Jena
74%
EF Erfurt
67%
G Gera
67%
GTH Gotha
63%
GRZ Greiz
59%
KYF Kyffhäuserkreis
56%
SÖM Sömmerda
52%
EA Eisenach
48%
NDH Nordhausen
48%
ABG Altenburger Land
44%
EIC Eichsfeld
44%
SHL Suhl
44%
WE Weimar
44%
IK Ilm-Kreis
41%
SON Sonneberg
41%
SHK Saale-Holzland-Kreis
37%
WAK Wartburgkreis
37%
SOK Saale-Orla-Kreis
30%
SM Schmalkalden-Meiningen
30%
IL Ilm-Kreis
22%
MGN Schmalkalden-Meiningen
22%
UH Unstrut-Hainich-Kreis
22%
AP Weimarer Land
22%
APD Weimarer Land
19%
ARN Ilm-Kreis
15%
RU Saalfeld-Rudolstadt
11%
SLF Saalfeld-Rudolstadt
11%
ZR Greiz
7%
SDH Kyffhäuserkreis
7%
LBS Saale-Orla-Kreis
7%
PN Saale-Orla-Kreis
7%
SCZ Saale-Orla-Kreis
7%
LSZ Unstrut-Hainich-Kreis
7%
MHL Unstrut-Hainich-Kreis
7%
SLZ Wartburgkreis
7%
SLN Altenburger Land
4%
HIG Eichsfeld
4%
WBS Eichsfeld
4%
ART Kyffhäuserkreis
4%
EIS Saale-Holzland-Kreis
4%
SRO Saale-Holzland-Kreis
4%
NH Sonneberg
4%
Keine übereinstimmenden Quizze gefunden
Verteilung der Resultate
Anzahl Personen mit jedem Resultat
Perzentil nach korrekt beantworteten Fragen
Ihre Resultats-Entwicklung
Sie haben dieses Quiz noch nicht gespielt